| 000 | 01264cam a2200313 a 4500 | ||
|---|---|---|---|
| 001 | 4028793 | ||
| 003 | OSt | ||
| 005 | 20230704132752.0 | ||
| 008 | 971120s1997 nyu bi i001 0 eng c | ||
| 010 | _a 97217890 | ||
| 020 | _a9211335213 | ||
| 040 |
_aMoSU-L _cMoSU-L _dDLC |
||
| 042 | _apcc | ||
| 082 | 0 | 0 |
_a341.7 _bUN |
| 245 | 0 | 4 |
_aThe Law of the sea : _bmultilateral treaties : a reference guide to multilateral treaties and other international instruments related to the United Nations Convention on the Law of the Sea. |
| 250 | _aRev. and updated as of 31 Dec. 1996. | ||
| 260 |
_aNew York : _bUnited Nations, _c1997. |
||
| 300 |
_axiii, 184 p. ; _c28 cm. |
||
| 500 | _aAt head of title: Division for Ocean Affairs and the Law onpthe Sea, Office of Legal Affairs. | ||
| 500 | _a"United Nations publication sales no. E.97.V.9"--Colophon. | ||
| 504 | _aIncludes bibliographical references and index. | ||
| 650 | 0 |
_aLaw of the sea _vIndexes. |
|
| 650 | 0 |
_aMaritime law _vIndexes. |
|
| 710 | 2 |
_aUnited Nations. _bDivision for Ocean Affairs and the Law of the Sea. |
|
| 730 | 0 |
_aUnited Nations Convention on the Law of the Sea _d(1982 December 10) |
|
| 906 |
_a7 _bcbc _cpccadap _d2 _encip _f19 _gy-gencatlg |
||
| 942 |
_2ddc _cBK |
||
| 999 |
_c3819 _d3819 |
||